LEADER 01103nam a2200253 i 4500 001 000000172534 003 CaOOAMICUS 005 20250604144023.0 008 080616s1958 it u000 u ita u 013 $a149976 040 $aSeMil$bita 100 1 $aMeriggi, Bruno <1927->.$0(OLS)http://semarc/name/15507 245 10$aStoria delle letterature Ceca e Slovacca /$cBruno Meriggi dell'Università di Firenze. 260 $aMilano :$bNuova accademia editrice,$cstampa 1958. 300 $a390 p. ;$c22 cm. 490 0 $aStoria delle letterature di tutto il mondo 650 4$aLetteratura slovacca.$0(OLS)http://semarc/subject/5549 650 4$aLetteratura ceca.$0(OLS)http://semarc/subject/5547 830 0$aStoria delle letterature di tutto il mondo.$0(OLS)http://semarc/title/20310 850 $aSeMil 852 $aSeMil$W1$xVenegono$y1$m1R IV 43$j257819$B123396$CSeMilBibl$Z2$F134547 $81 996 $6245$aStoria delle letterature Ceca e Slovacca$9(OLS)http://semarc/title/247101 996 $6260$aMilano :$bNuova accademia editrice$9(OLS)http://semarc/publisher/31675 LEADER 01250nam a2200241 i 4500 001 000000172458 003 CaOOAMICUS 005 20080611000000.0 008 080611s1997 it u000 u ita u 013 $a149900 040 $aSeMil$bita 100 1 $aMarino, Eugenio,$c.$0(OLS)http://semarc/name/44989 245 10$aEstetica, fede e critica d'arte :$bL'arte poetica di Savonarola ; L'estetica di Ficino e la Primavera di Botticelli /$cEugenio Marino. 260 $aPistoia :$bProvincia Romana dei Frati Predicatori, Centro Riviste,$c1997. 300 $a279 p., 37 c. di tav. ;$c24 cm. 500 $aContiene : Bibliografia. 650 4$aEstetica - Firenze - Sec. 15.$0(OLS)http://semarc/subject/32831 650 4$aBotticelli, Sandro <1445-1510> . Primavera.$0(OLS)http://semarc/subject/32832 850 $aSeMil 852 $aSeMil$W1$xVenegono$y1$m5R XVI 24$j123320$B123320$CSeMilBibl$Z2$F134493 $81 961 $aOmaggio: Biblioteca Ambrosiana 996 $6245$aEstetica, fede e critica d'arte :$bL'arte poetica di Savonarola ; L'estetica di Ficino e la Primavera di Botticelli$9(OLS)http://semarc/title/246968 996 $6260$aPistoia :$bProvincia Romana dei Frati Predicatori, Centro Riviste$9(OLS)http://semarc/publisher/45743